000 00232nam a2200121Ia 4500
100 _a#N/A
650 _aComputer/ IT
942 _cBK
654 _abusiness
245 _aBusiness Intellegence
260 _b#N/A
546 _aENGLISH
999 _c22012
_d22012